| 000 | 00981nas a22002057a 4500 | ||
|---|---|---|---|
| 003 | NALT | ||
| 005 | 20211126141809.0 | ||
| 008 | 210325b th ||||| |||| 00| 0 tha d | ||
| 022 | _a16857232 | ||
| 040 | _aNALT | ||
| 041 | 0 | _atha | |
| 245 | 1 | 0 | _aกฎหมายใหม่ |
| 260 | 3 | _bลอร์ ไดเจสท์ | |
| 310 | _aรายปักษ์ | ||
| 500 | _aเปลี่ยนชื่อจากวารสารข่าวกฎหมายใหม่เป็นชื่อวารสารกฎหมายใหม่ | ||
| 850 | _aNALT | ||
| 866 | 3 | 1 | _aVol. 3 No. 67, Vol. 3 No. 68, Vol. 3 No. 69, Vol. 4 No. 70, Vol. 4 No. 71, Vol. 4 No. 72, Vol. 4 No. 73, Vol. 4 No. 74, Vol. 4 No. 75, Vol. 4 No. 76, Vol. 4 No. 77, Vol. 4 No. 79, Vol. 4 No. 80, Vol. 4 No. 81, Vol. 5 No. 82, Vol. 5 No. 83, Vol. 5 No. 84, Vol. 5 No. 85, Vol. 5 No. 86, Vol. 5 No. 83, Vol. 5 No. 87, Vol. 5 No. 88 |
| 942 |
_cJNR _2lcc |
||
| 998 |
_d2007-12-04 16:47:30.640 _j755 _k จินตนา เอี่ยมคง |
||
| 999 |
_c85839 _d85839 |
||